00469 2200169 4500245009600000020002200096250000900118100002200127700000900149650002800158005001900186260003600205041001400241084001000255300002500265336000900290 aFun & Easy Trick Psiko-Math b : Sukses Lolos Psikotes MatematikacAnis Faozi, S.Si.hText a978-979-29-6608-4 a2017 aAnis Faozi, S.Si. aMaya aLatihan Soal Matematika a20240906134430 aYogyakartabPenerbit Andic2017 aIndonesia a371.3 ax + 102 hlm :c21 cm atext